| 000 | 00526nam a22001817a 4500 | ||
|---|---|---|---|
| 003 | 0 | ||
| 005 | 20231206093145.0 | ||
| 008 | 231206b xxu||||| |||| 00| 0 eng d | ||
| 020 | _a978-1-949679-53-3 | ||
| 050 |
_aER _bVel446 2008 |
||
| 082 |
_aER _bVel446 2008 |
||
| 100 | _aWilliams, Margery | ||
| 245 |
_aThe velveteen rabbit _cWilliams, Margery |
||
| 260 |
_aNew York _bLittle Hippo Books _cc2008. |
||
| 300 |
_aunnumbered pages : _bcolored illustrations ; _c21 cm. |
||
| 650 | _aChildren's stories. | ||
| 942 |
_2ddc _cBK |
||
| 999 |
_c365714 _d365714 |
||